Bezpečnost práce v dolech.
Tvorba nových medzinárodných noriem v oblasti bezpečnosti práce v baniach. Trendy a charakteristiky baníctva. Ekonomická dôležitosť odvetví a pracovné podmienky. Aktivita Medzinárodnej organizácie práce na úseku bezpečnosti práce a ochrany zdravia v baníctve. Zákonodárstvo a prax v členských štátoch...
Salvato in:
| Natura: | Capitolo di libro |
|---|---|
| Lingua: | ceco |
| Soggetti: | |
| Tags: |
Nessun Tag, puoi essere il primo ad aggiungerne!!
|
MARC
| LEADER | 00000naa a2200000 4500 | ||
|---|---|---|---|
| 001 | r013574 | ||
| 005 | 20221213083055.7 | ||
| 041 | 0 | |a cze | |
| 044 | |a CZ | ||
| 245 | 1 | 0 | |a Bezpečnost práce v dolech. |
| 520 | |a Tvorba nových medzinárodných noriem v oblasti bezpečnosti práce v baniach. Trendy a charakteristiky baníctva. Ekonomická dôležitosť odvetví a pracovné podmienky. Aktivita Medzinárodnej organizácie práce na úseku bezpečnosti práce a ochrany zdravia v baníctve. Zákonodárstvo a prax v členských štátoch. Ochrana pred pracovnými rizikami. | ||
| 610 | 2 | 0 | |a bezpečnosť práce |
| 610 | 2 | 0 | |a bane |
| 610 | 2 | 0 | |a baníctvo |
| 610 | 2 | 0 | |a MOP |
| 610 | 2 | 0 | |a normy |
| 610 | 2 | 0 | |a zákony |
| 610 | 2 | 0 | |a riziko |
| 610 | 2 | 0 | |a ochrana zdravia |